| 000 | 00616nam a2200241Ia 4500 | ||
|---|---|---|---|
| 003 | OSt | ||
| 005 | 20221005124233.0 | ||
| 006 | a|||||r|||| 00| 0 | ||
| 007 | ta | ||
| 008 | 221004b |||||||| |||| 00| 0 tam d | ||
| 024 | _a45444 | ||
| 037 | _cTextual | ||
| 040 |
_aCRL _cCRL _btam |
||
| 041 |
_2tam _atam |
||
| 082 | _aC:(P111:4)k, 31N7 | ||
| 100 |
_aSabeson R. Au. _9634896 |
||
| 245 | 0 | _aMinnanu-Minniyal kalnicho plagarathi. | |
| 260 | _c1997 | ||
| 300 |
_a321p. _ccm. |
||
| 650 | _aPHYSICS | ||
| 942 |
_hC:(P111:4)k, 31N7 _cTEXL _2cc |
||
| 999 |
_c1049845 _d1049845 |
||